[Event "British Rapidplay"]
[Site "Peterborough"]
[Date "2024.03.02"]
[Round "1"]
[White "Kennedy, Craig"]
[Black "Jones, Steven"]
[Result "0-1"]
[WhiteElo "1886"]
[BlackElo "2217"]
[PlyCount "84"]
[EventDate "2024.03.02"]
[EventType "swiss (rapid)"]
[EventRounds "11"]
[EventCountry "ENG"]
[SourceTitle "CB10_2024"]
[SourceDate "2024.03.06"]
[SourceVersion "1"]
[SourceVersionDate "2024.03.06"]
[SourceQuality "1"]

1. g3 Nf6 2. Bg2 e5 3. d3 d5 4. Nf3 Bd6 5. 0-0 0-0 6. Nc3 c6 7. e4 Re8 8. Qe2 d4 9. Nd1 c5 10. c4 dxc3 11. bxc3 Nc6 12. Ne3 b6 13. Nh4 Bf8 14. f4 Ba6 15. c4 Nd4 16. Qd1 Bb7 17. fxe5 Rxe5 18. Bb2 Qd7 19. Rxf6 gxf6 20. Nhf5 Kh8 21. Qg4 Rd8 22. Rf1 Bc8 23. Bxd4 cxd4 24. Nd5 Qc6 25. Qh4 Bxf5 26. Rxf5 Rxf5 27. exf5 Bg7 28. Nf4 Qe8 29. Be4 b5 30. cxb5 Qxb5 31. Nh5 Qb1+ 32. Kg2 Qxa2+ 33. Kh3 Qd2 34. Nxf6 Qh6 35. Nh5 f6 36. Qg4 Qg5 37. Qd1 a5 38. Nf4 Bf8 39. Qa4 Bb4 40. Qc6 Rg8 41. Qd5 Be1 42. Ne2 Qh5+ 0-1

[Event "GBR-ch Seniors 50 108th"]
[Site "Torquay"]
[Date "2022.08.13"]
[Round "6"]
[White "Kennedy, Craig"]
[Black "Littlejohns, David"]
[Result "1-0"]
[WhiteElo "1873"]
[BlackElo "1943"]
[PlyCount "97"]
[EventDate "2022.08.08"]
[EventType "swiss"]
[EventRounds "7"]
[EventCountry "ENG"]
[SourceTitle "EXT 2024"]
[Source "ChessBase"]
[SourceDate "2023.10.10"]
[SourceVersion "1"]
[SourceVersionDate "2023.10.10"]
[SourceQuality "1"]

1. e4 c6 2. Bc4 d5 3. Bb3 e6 4. e5 h5 5. d4 c5 6. c3 Nc6 7. Nf3 g6 8. 0-0 cxd4 9. cxd4 Nh6 10. Nc3 Nf5 11. Bg5 Be7 12. Bxe7 Qxe7 13. Bc2 Bd7 14. Re1 a6 15. Qd2 Rc8 16. Rac1 Na7 17. b3 Bc6 18. Ne2 Kd7 19. Bxf5 gxf5 20. Nf4 Kc7 21. Qa5+ Kb8 22. Nd3 Qd8 23. Qxd8 Rcxd8 24. Nc5 Rhg8 25. a4 Rg7 26. Kf1 Rdg8 27. g3 Rc8 28. Ke2 Be8 29. Ke3 Nc6 30. h4 a5 31. Nd3 Ne7 32. Ng5 Rxc1 33. Rxc1 Rg8 34. Nh7 Bc6 35. Nf4 Ng6 36. Nxh5 Kc7 37. N7f6 Rb8 38. Nf4 Nh8 39. f3 b5 40. axb5 Rxb5 41. Rc3 Kb6 42. g4 fxg4 43. fxg4 Rb4 44. Nd3 Rb5 45. h5 a4 46. bxa4 Rb1 47. Nc5 Ra1 48. Rb3+ Kc7 49. Rb4 1-0

[Event "London Chess Classic: Blitz A"]
[Site "London"]
[Date "2019.12.08"]
[Round "4"]
[White "Kennedy, Craig"]
[Black "Rishi, Thariani"]
[Result "0-1"]
[WhiteElo "1914"]
[BlackElo "2094"]
[PlyCount "76"]
[EventDate "2019.12.08"]
[EventType "swiss (blitz)"]
[EventRounds "11"]
[EventCountry "ENG"]
[SourceTitle "EXT 2021"]
[Source "ChessBase"]
[SourceDate "2020.10.23"]
[SourceVersion "1"]
[SourceVersionDate "2020.10.23"]
[SourceQuality "1"]

1. a3 d5 2. g3 c6 3. Bg2 e5 4. d3 Nf6 5. Nd2 Bd6 6. b4 0-0 7. Bb2 Re8 8. Ngf3 a5 9. c3 Na6 10. e4 Nc7 11. 0-0 h6 12. Nh4 g6 13. Nb3 a4 14. Nd2 Bf8 15. c4 dxc4 16. dxc4 Bg7 17. c5 Nb5 18. Nc4 Nd4 19. Nb6 Ra7 20. Nxa4 Bg4 21. f3 Be6 22. Nb6 Qe7 23. Bxd4 exd4 24. e5 Nd7 25. Nxd7 Qxd7 26. f4 Bc4 27. Re1 g5 28. Qc2 Be6 29. fxg5 hxg5 30. Nf3 d3 31. Qd2 g4 32. Nh4 Qd4+ 33. Kh1 Bd7 34. Rad1 Rxa3 35. Re4 Qc3 36. Qg5 Ra1 37. Rde1 Rxe1+ 38. Rxe1 Qxe1+ 0-1

[Event "London Chess Classic: Blitz A"]
[Site "London"]
[Date "2019.12.08"]
[Round "10"]
[White "Kennedy, Craig"]
[Black "Van Zyl Rudd, Jack"]
[Result "1-0"]
[WhiteElo "1914"]
[BlackElo "1617"]
[PlyCount "79"]
[EventDate "2019.12.08"]
[EventType "swiss (blitz)"]
[EventRounds "11"]
[EventCountry "ENG"]
[SourceTitle "EXT 2021"]
[Source "ChessBase"]
[SourceDate "2020.10.23"]
[SourceVersion "1"]
[SourceVersionDate "2020.10.23"]
[SourceQuality "1"]

1. g3 Nf6 2. Bg2 d5 3. d3 e5 4. c4 dxc4 5. Qa4+ Bd7 6. Qxc4 Bc6 7. Nf3 Nbd7 8. 0-0 Bd6 9. a3 0-0 10. Qc2 e4 11. dxe4 Bxe4 12. Qb3 Nc5 13. Qd1 a5 14. Nc3 Bc6 15. Bg5 h6 16. Be3 a4 17. Nd4 Bxg2 18. Kxg2 Ng4 19. Nc2 Nb3 20. Rb1 Qe7 21. h3 Nxe3+ 22. Nxe3 f5 23. Nxa4 Qf7 24. Nc3 f4 25. Ng4 Nc5 26. Qd5 Ne6 27. Ne4 Kh8 28. Nxd6 cxd6 29. Rbc1 Ng5 30. Qxf7 Rxf7 31. gxf4 Rxf4 32. Rfd1 Re8 33. e3 Rf3 34. h4 Ref8 35. hxg5 h5 36. Rh1 g6 37. Nf6 Rf5 38. f4 Rb5 39. b4 Ra8 40. Rc7 1-0

[Event "London Chess Classic: Blitz A"]
[Site "London"]
[Date "2019.12.08"]
[Round "5"]
[White "Pappelis, Dimitrios"]
[Black "Kennedy, Craig"]
[Result "1-0"]
[WhiteElo "2019"]
[BlackElo "1914"]
[PlyCount "54"]
[EventDate "2019.12.08"]
[EventType "swiss (blitz)"]
[EventRounds "11"]
[EventCountry "ENG"]
[SourceTitle "EXT 2021"]
[Source "ChessBase"]
[SourceDate "2020.10.23"]
[SourceVersion "1"]
[SourceVersionDate "2020.10.23"]
[SourceQuality "1"]

1. Nf3 g6 2. g3 Bg7 3. d4 d6 4. Bg2 Nd7 5. 0-0 e5 6. Nc3 f5 7. dxe5 dxe5 8. Bg5 Ngf6 9. e4 h6 10. Bxf6 Qxf6 11. exf5 gxf5 12. Nd5 Qd6 13. Nh4 0-0 14. Qh5 c6 15. Rad1 Nf6 16. Nxf6+ Qxf6 17. Rfe1 Be6 18. Rd6 Rfd8 19. Red1 Rxd6 20. Rxd6 Rd8 21. Qd1 Rxd6 22. Qxd6 Qf7 23. Nf3 e4 24. Ne5 Bxe5 25. Qxe5 a6 26. h4 Qd7 27. Qf6 Kh7 1-0

[Event "London Chess Classic: Blitz A"]
[Site "London"]
[Date "2019.12.08"]
[Round "11"]
[White "Ratnesan, Ranesh"]
[Black "Kennedy, Craig"]
[Result "1-0"]
[WhiteElo "1765"]
[BlackElo "1914"]
[PlyCount "57"]
[EventDate "2019.12.08"]
[EventType "swiss (blitz)"]
[EventRounds "11"]
[EventCountry "ENG"]
[SourceTitle "EXT 2021"]
[Source "ChessBase"]
[SourceDate "2020.10.23"]
[SourceVersion "1"]
[SourceVersionDate "2020.10.23"]
[SourceQuality "1"]

1. Nf3 e6 2. b3 f5 3. Bb2 Nf6 4. g3 d5 5. Bg2 Bd6 6. c4 c6 7. d3 0-0 8. Nbd2 Qe7 9. 0-0 e5 10. c5 Bc7 11. e4 fxe4 12. dxe4 d4 13. Qc2 Na6 14. Rac1 Bg4 15. Nh4 Ba5 16. Nc4 Bc7 17. h3 Be6 18. Nd2 Qd7 19. Kh2 Rae8 20. a3 Qf7 21. Rce1 Bb8 22. b4 Nc7 23. f4 exf4 24. gxf4 Nb5 25. e5 Nh5 26. Be4 g6 27. Nxg6 hxg6 28. Bxg6 Qg7 29. Bxh5 1-0

[Event "GBR-ch Atkins op 106th"]
[Site "Torquay"]
[Date "2019.07.28"]
[Round "4"]
[White "Tozer, Philip AA"]
[Black "Kennedy, Craig"]
[Result "1-0"]
[WhiteElo "2106"]
[BlackElo "1883"]
[PlyCount "73"]
[EventDate "2019.07.26"]
[EventType "swiss"]
[EventRounds "5"]
[EventCountry "ENG"]
[SourceTitle "EXT 2021"]
[Source "ChessBase"]
[SourceDate "2020.10.23"]
[SourceVersion "1"]
[SourceVersionDate "2020.10.23"]
[SourceQuality "1"]

1. g3 e5 2. c4 f5 3. d4 e4 4. Nc3 Nf6 5. Nh3 d6 6. Bg2 Be7 7. 0-0 0-0 8. f3 Nc6 9. fxe4 Nxe4 10. Nxe4 fxe4 11. Rxf8+ Qxf8 12. Nf2 Qf6 13. Be3 Bf5 14. Nxe4 Qg6 15. Nc3 Re8 16. Qd2 Nb4 17. Rf1 c6 18. Bf4 a5 19. e4 Be6 20. d5 Bd7 21. a3 Na6 22. Rd1 c5 23. e5 dxe5 24. Bxe5 Bg5 25. Bf4 Bf6 26. Re1 Bd4+ 27. Kh1 Bf5 28. Rxe8+ Qxe8 29. Nb5 Bf6 30. Nd6 Qd7 31. Nxf5 Qxf5 32. Qe1 g5 33. Bd6 Kf7 34. Qe4 Qxe4 35. Bxe4 Bxb2 36. a4 h6 37. Bf5 1-0

[Event "GBR-ch Atkins op 106th"]
[Site "Torquay"]
[Date "2019.07.27"]
[Round "3"]
[White "Kennedy, Craig"]
[Black "Habershon, Paul F"]
[Result "1-0"]
[WhiteElo "1883"]
[BlackElo "2017"]
[PlyCount "71"]
[EventDate "2019.07.26"]
[EventType "swiss"]
[EventRounds "5"]
[EventCountry "ENG"]
[SourceTitle "EXT 2021"]
[Source "ChessBase"]
[SourceDate "2020.10.23"]
[SourceVersion "1"]
[SourceVersionDate "2020.10.23"]
[SourceQuality "1"]

1. e4 Nf6 2. Nc3 d6 3. f4 g6 4. Nf3 Bg7 5. Be2 c6 6. 0-0 b5 7. a3 Bb7 8. d3 Qb6+ 9. Kh1 0-0 10. Qe1 Nbd7 11. Qh4 Rfe8 12. f5 a5 13. fxg6 hxg6 14. Bh6 b4 15. Nd1 a4 16. Ng5 Ra5 17. Rf3 bxa3 18. bxa3 Qc5 19. Rh3 Nh5 20. Bxg7 Kxg7 21. Nf3 Qxc2 22. Nd4 Qd2 23. Ne3 Qb2 24. Nef5+ Kf8 25. Rf1 Rxf5 26. exf5 c5 27. fxg6 Ndf6 28. gxf7 Rb8 29. Ne6+ Kxf7 30. Qxh5+ Kxe6 31. Qf5+ Kf7 32. Rh7+ Ke8 33. Rh8+ Kf7 34. Rh7+ Ke8 35. Rh8+ Kf7 36. Rxb8 1-0

[Event "BCF-chT3Sb 1819 (4NCL)"]
[Site "England"]
[Date "2018.11.18"]
[Round "2.75"]
[White "Kennedy, Craig"]
[Black "Hatchett, Paul"]
[Result "0-1"]
[WhiteElo "1888"]
[BlackElo "1974"]
[PlyCount "78"]
[EventDate "2018.11.17"]
[EventType "team-tourn"]
[EventRounds "7"]
[EventCountry "ENG"]
[SourceTitle "EXT 2021"]
[Source "ChessBase"]
[SourceDate "2020.10.23"]
[SourceVersion "1"]
[SourceVersionDate "2020.10.23"]
[SourceQuality "1"]
[WhiteTeam "The Rookies"]
[BlackTeam "Rhyfelwyr Essyllwg"]
[WhiteTeamCountry "ENG"]
[BlackTeamCountry "ENG"]

1. d4 Nf6 2. Bf4 d6 3. c4 g6 4. Nc3 Bg7 5. e3 0-0 6. Be2 Nbd7 7. Nf3 c5 8. 0-0 h6 9. h3 a6 10. a3 b6 11. b4 Bb7 12. bxc5 bxc5 13. Qc2 cxd4 14. exd4 Rc8 15. Nd2 e5 16. dxe5 dxe5 17. Be3 Qe7 18. Nb3 Ne8 19. Na5 Ba8 20. Na4 f5 21. Bd2 Kh7 22. Bb4 Qg5 23. f3 e4 24. Rad1 exf3 25. Bxf3 Bxf3 26. Rxf3 Ne5 27. Rff1 Rf7 28. Nb6 Rd8 29. Rxd8 Qxd8 30. Nd5 Nc7 31. Nb7 Qg5 32. Nd6 Rd7 33. Bd2 Qg3 34. Bf4 Qxa3 35. Nxc7 Qxd6 36. Ne8 Qc5+ 37. Kh1 Qxc4 38. Qxc4 Nxc4 39. Nxg7 Kxg7 0-1

[Event "BCF-ch Seniors 50"]
[Site "Hull"]
[Date "2018.08.04"]
[Round "7"]
[White "Gostelow, David W"]
[Black "Kennedy, Craig"]
[Result "0-1"]
[WhiteElo "1918"]
[BlackElo "1906"]
[PlyCount "80"]
[EventDate "2018.07.29"]
[EventType "swiss"]
[EventRounds "7"]
[EventCountry "ENG"]
[SourceTitle "CBM 185 Extra"]
[Source "ChessBase"]
[SourceDate "2018.07.29"]
[SourceVersion "1"]
[SourceVersionDate "2018.07.29"]
[SourceQuality "1"]

1. d4 d5 2. Bf4 Nf6 3. e3 e6 4. Nf3 c5 5. c3 Nc6 6. Nbd2 cxd4 7. exd4 Nh5 8. Be3 Bd6 9. Ne5 g6 10. Ndf3 0-0 11. Bd3 Bd7 12. Bh6 Ng7 13. Qe2 f6 14. Nxc6 bxc6 15. 0-0 Qc7 16. c4 Rae8 17. c5 Bf4 18. Bxf4 Qxf4 19. Rfe1 e5 20. g3 Qh6 21. Qd2 Qh5 22. Be2 Bg4 23. Nh4 e4 24. Bxg4 Qxg4 25. Qe2 Qd7 26. Rab1 g5 27. Ng2 f5 28. Qd2 Ne6 29. Rf1 Qg7 30. Rbd1 f4 31. b4 Rf6 32. f3 fxg3 33. hxg3 Rxf3 34. Rxf3 exf3 35. Ne3 g4 36. Nf5 Qf6 37. Nd6 Re7 38. a4 Ng5 39. Kf1 Qh6 40. Qf2 Qh1+ 0-1

[Event "BCF-ch Seniors 50"]
[Site "Hull"]
[Date "2018.08.02"]
[Round "5"]
[White "Simons, Martin J"]
[Black "Kennedy, Craig"]
[Result "1-0"]
[WhiteElo "2008"]
[BlackElo "1906"]
[PlyCount "59"]
[EventDate "2018.07.29"]
[EventType "swiss"]
[EventRounds "7"]
[EventCountry "ENG"]
[SourceTitle "CBM 185 Extra"]
[Source "ChessBase"]
[SourceDate "2018.07.29"]
[SourceVersion "1"]
[SourceVersionDate "2018.07.29"]
[SourceQuality "1"]

1. e4 d6 2. d4 Nf6 3. Nc3 e5 4. Nf3 exd4 5. Nxd4 Be7 6. Bf4 0-0 7. Qd2 a6 8. 0-0-0 b5 9. f3 c5 10. Nf5 Bxf5 11. exf5 Qa5 12. Kb1 Nc6 13. Nd5 Nxd5 14. Qxa5 Nxa5 15. Rxd5 Nc6 16. c3 Rfd8 17. Bd3 b4 18. Be4 bxc3 19. bxc3 Rab8+ 20. Kc2 Rb6 21. Rb1 Rxb1 22. Kxb1 Na5 23. Bd3 Rb8+ 24. Kc2 Rb6 25. f6 Bxf6 26. Rxd6 Rxd6 27. Bxd6 Nb7 28. Bc7 a5 29. Be4 Nd8 30. Bxa5 1-0

[Event "BCF-ch Seniors 50"]
[Site "Hull"]
[Date "2018.07.31"]
[Round "3"]
[White "Bolt, Graham"]
[Black "Kennedy, Craig"]
[Result "1-0"]
[WhiteElo "2016"]
[BlackElo "1906"]
[PlyCount "53"]
[EventDate "2018.07.29"]
[EventType "swiss"]
[EventRounds "7"]
[EventCountry "ENG"]
[SourceTitle "CBM 185 Extra"]
[Source "ChessBase"]
[SourceDate "2018.07.29"]
[SourceVersion "1"]
[SourceVersionDate "2018.07.29"]
[SourceQuality "1"]

1. Nf3 Nf6 2. g3 d6 3. d3 g6 4. Bg2 Bg7 5. e4 c5 6. 0-0 Nc6 7. Nbd2 0-0 8. a4 Rb8 9. Nc4 Bd7 10. Re1 Ne8 11. c3 e5 12. Bg5 f6 13. Be3 f5 14. Qd2 Qe7 15. exf5 gxf5 16. Ng5 Nf6 17. f4 h6 18. fxe5 Nxe5 19. Nf3 Nxc4 20. dxc4 Ne4 21. Qc2 Qf7 22. Nd2 Nxd2 23. Qxd2 Bc6 24. Bxh6 Bxg2 25. Kxg2 Qxc4 26. Bxg7 Kxg7 27. Qg5+ 1-0

[Event "BCF-chT3S 1415 (4NCL)"]
[Site "England"]
[Date "2014.11.15"]
[Round "2.99"]
[White "Kennedy, Craig"]
[Black "White, Martin"]
[Result "1-0"]
[WhiteElo "1930"]
[BlackElo "1834"]
[PlyCount "107"]
[EventDate "2014.11.15"]
[EventType "team-swiss"]
[EventRounds "6"]
[EventCountry "ENG"]
[SourceTitle "CBM 163 Extra"]
[Source "ChessBase"]
[SourceDate "2014.12.23"]
[SourceVersion "1"]
[SourceVersionDate "2014.12.23"]
[SourceQuality "1"]
[WhiteTeam "Surbiton"]
[BlackTeam "Downend & Fishponds"]
[WhiteTeamCountry "ENG"]
[BlackTeamCountry "ENG"]

1. e4 c5 2. Nc3 g6 3. f4 Bg7 4. Nf3 Nc6 5. Bb5 Nd4 6. 0-0 e6 7. a4 Ne7 8. d3 0-0 9. e5 d5 10. exd6 Qxd6 11. Ne4 Qc7 12. Bc4 b6 13. c3 Nxf3+ 14. Qxf3 Bd7 15. Be3 a6 16. Bb3 Bc6 17. Qh3 Bd5 18. Bc2 Nf5 19. Bf2 c4 20. g4 Nd6 21. Nxd6 Qxd6 22. Qe3 b5 23. dxc4 bxc4 24. a5 Rab8 25. Ra2 Rb5 26. Qg3 Qc6 27. Ba4 Be4 28. Bxb5 Qxb5 29. Qe3 Bd3 30. Rfa1 h5 31. h3 hxg4 32. hxg4 Rd8 33. Qf3 Qb3 34. Bb6 Rd5 35. Qg2 Bf8 36. Ra4 Bc2 37. Bd4 Bd6 38. Qh2 Rxd4 39. cxd4 Qd3 40. R4a3 Bxa3 41. Rxa3 Qxd4+ 42. Qf2 Qxb2 43. Rh3 Qa1+ 44. Kh2 Be4 45. Qd2 Bd5 46. f5 Qe5+ 47. Rg3 exf5 48. gxf5 Qxf5 49. Rg5 Qxg5 50. Qxg5 Bc6 51. Qf6 Bb5 52. Kg3 Kf8 53. Kf4 Ke8 54. Ke5 1-0

[Event "West Bromwich e2e4 op"]
[Site "West Bromwich"]
[Date "2014.02.22"]
[Round "3"]
[White "Healey, Michael W"]
[Black "Kennedy, Craig"]
[Result "1-0"]
[WhiteElo "2135"]
[BlackElo "1900"]
[PlyCount "63"]
[EventDate "2014.02.21"]
[EventType "swiss"]
[EventRounds "5"]
[EventCountry "ENG"]
[SourceTitle "CBM 159 Extra"]
[Source "ChessBase"]
[SourceDate "2014.04.24"]
[SourceVersion "1"]
[SourceVersionDate "2014.04.24"]
[SourceQuality "1"]

1. e4 e6 2. b3 d5 3. Bb2 dxe4 4. Nc3 Nf6 5. Qe2 b6 6. Nxe4 Bb7 7. Nxf6+ gxf6 8. Nf3 Nd7 9. Qb5 Qe7 10. 0-0-0 Bg7 11. Qa4 0-0 12. Qh4 Rfe8 13. Bb5 c6 14. Bd3 Nf8 15. Rhe1 Ng6 16. Qg3 Rad8 17. h4 Qd6 18. Qxd6 Rxd6 19. Be4 f5 20. Bxf5 Bxb2+ 21. Kxb2 c5 22. Be4 Ba6 23. d3 Red8 24. g4 c4 25. bxc4 Bxc4 26. h5 Ne7 27. g5 Bd5 28. Ne5 Bxe4 29. Rxe4 Nf5 30. Rg1 Kf8 31. h6 Ke7 32. Rc4 1-0